000 00515nam a22001697a 4500
005 20251108175351.0
008 250721s2014 xx 000 0 ara d
082 1 4 _a909.81/سلا
100 1 _aسلامة، أسامة
245 1 0 _aتاريخ القرن التاسع عشر /
264 1 _aالجيزة :
_bالدار العالمية للكتب و النشر،
_c2014.
300 _a268 ص.
650 1 7 _aالتاريبخ
650 1 7 _aالقرن التاسع عشر
942 _2ddc
_cBK
999 _c132457
_d132457